Bandiere con il Blu - Morte subita - Statistics

Statistiche generali
  • Questo quiz è stato fatto 92 volte
  • Il punteggio medio è 14 su 24
Answers on the Grid
Answers color-coded by a green-red scale on the quiz's grid according to % correct below.
Andorra
Australia
Barbados
Belize
Capo Verde
Croazia
Cuba
Ecuador
Gambia
Grecia
Haiti
Honduras
Islanda
Israele
Moldavia
Nauru
Repubblica Ceca
Repubblica Centrafricana
Serbia
Slovenia
Uruguay
Sudan del Sud
Venezuela
Samoa
Albania
Austria
Cina
Belgio
Georgia
Germania
Giamaica
Guinea Bissau
Guinea
Indonesia
Iraq
Italia
Lettonia
Madagascar
Mali
Monaco
Pakistan
Myanmar
Saint Kitts e Nevis
Senegal
Singapore
Svizzera
Tonga
Yemen
 
Statistiche sulle risposte
Risposta % Corretto
Australia
75%
Honduras
75%
Islanda
75%
Israele
75%
Repubblica Ceca
75%
Grecia
71%
Slovenia
71%
Croazia
68%
Uruguay
68%
Barbados
64%
Capo Verde
64%
Cuba
64%
Ecuador
61%
Serbia
61%
Haiti
54%
Nauru
54%
Venezuela
54%
Belize
50%
Andorra
46%
Moldavia
46%
Repubblica Centrafricana
46%
Gambia
43%
Samoa
39%
Sudan del Sud
29%
Nessun quiz corrispondente trovato
Distribuzione punteggi
Percentuale di utenti per punteggio
Percentile per numero di risposta
I tuoi punteggi nel tempo
Non hai fatto questo quiz